Developing AI Literacy in Students

Salvato in:
Dettagli Bibliografici
Altri autori: Pandey, Jitendra
Natura: Libro
Lingua:inglese
Pubblicazione: Hershey IGI Global Scientific Publishing 2026
Soggetti:
Tags: Aggiungi Tag
Nessun Tag, puoi essere il primo ad aggiungerne!!

MARC

LEADER 00000nam a2200000 4500
001 0312833
005 20251127142303.2
020 |a 9798337323008 
041 0 |a eng 
044 |a US 
245 1 0 |a Developing AI Literacy in Students  |c [Edited by] Jitendra Pandey 
264 1 |a Hershey  |b IGI Global Scientific Publishing  |c 2026 
300 |a 269 s. 
500 |a ProQuest e-books. 
610 2 0 |a inteligencia umelá 
610 2 0 |a história 
610 2 0 |a vzdelávanie 
610 2 0 |a vzdelávanie vysokoškolské 
610 2 0 |a učenie strojové 
610 2 0 |a chatboty 
610 2 0 |a pedagogika 
700 1 |a Pandey, Jitendra